Diccionario Ortográfico Porrúa (Registro nro. 13255)

Detalles MARC
000 -Cabecera
Campo de control de longitud fija 00515nam a22002177a 4500
005 - Fecha y hora de la última transacción
Campo de control 20250207155558.0
008 - Elementos de longitud fija--Información general
Campo de control de longitud fija 220316b1999 xxu||||| |||| 00| 0 spa d
020 ## - International Standard Book Number
Número Internacional Estándar del Libro (ISBN) 9700711234
041 ## - Idioma
Código de idioma Español
082 ## - Clasificación Decimal Dewey
Número de clasificación R 411 G266d2
100 ## - Entrada principal--Autor personal
Nombre personal Cárdenas, Agustín
245 ## - Título propiamente dicho
Título Diccionario Ortográfico Porrúa
250 ## - Edición
Mención de edición 2 edición
260 ## - Pie de imprenta
Lugar de publicación, distribución, etc. México
260 ## - Pie de imprenta
Nombre del editor, distribuidor, etc. Editorial Porrúa
260 ## - Pie de imprenta
Fecha de publicación, distribución, etc. 1999
300 ## - Descripción física
Extensión 452 páginas
650 ## - Materia general
Temática (materia general) DICCIONARIOS
650 ## - Materia general
Temática (materia general) ORTOGRAFÍA
942 ## - Punto de acceso adicional KOHA
Tipo de ítem KOHA Referencia
Fuente del sistema de clasificación o colocación Dewey Decimal Classification
Existencias
Signatura completa Código de barras Tipo de ítem
R 411 G266d2 6465 Referencia